गृह दाह / (Record no. 41008)

MARC details
000 -LEADER
fixed length control field 01200nam a22002777a 4500
005 - DATE AND TIME OF LATEST TRANSACTION
control field 20100811141945.0
010 ## - LCCN (DPL NO)
LC control number HIN-90294
020 ## - INTERNATIONAL STANDARD BOOK NUMBER
Terms of availability 300.00
International Standard Book Number 8187212330
035 ## - SYSTEM CONTROL NUMBER
System control number HN-62640
037 ## - SOURCE OF ACQUISITION
Source of stock number/acquisition DBAD / PUB
082 ## - DEWEY DECIMAL CLASSIFICATION NUMBER
Classification number
100 ## - MAIN ENTRY--PERSONAL NAME
Personal name शरतचन्द्र
245 ## - TITLE STATEMENT
Title गृह दाह /
Statement of responsibility, etc शरतचन्द्र
246 ## - VARYING FORM OF TITLE
Title proper/short title Grah Dah
Remainder of title by Sharatchandra
250 ## - EDITION STATEMENT
Edition statement 2रा संस्क.
260 ## - PUBLICATION, DISTRIBUTION, ETC. (IMPRINT)
Place of publication, distribution, etc नई दिल्ली
Name of publisher, distributor, etc श्री ज्वालाजी बुक्स ऐजूकेशनल इन्टरप्राइजिज
Date of publication, distribution, etc 2010
270 ## - ADDRESS
Address डबल्यूजेड-14, प्रथम तल, दयाल सर कालोनी, उत्तम नगर
City नई दिल्ली
Postal code 110059
300 ## - PHYSICAL DESCRIPTION
Extent 224पृ
Dimensions 22सेमी (सजिल्द)
650 ## - SUBJECT ADDED ENTRY--TOPICAL TERM
Topical term following geographic name as entry element हिन्दी कथा साहित्य
650 ## - SUBJECT ADDED ENTRY--TOPICAL TERM
Topical term following geographic name as entry element Hindi Katha Sahitya
700 ## - ADDED ENTRY--PERSONAL NAME
9 (RLIN) 7228
700 ## - ADDED ENTRY--PERSONAL NAME
9 (RLIN) 7267
700 ## - ADDED ENTRY--PERSONAL NAME
9 (RLIN) 7698
942 ## - ADDED ENTRY ELEMENTS (KOHA)
Institution code [OBSOLETE] dpl
Item type Hindi Books
Call number prefix
Source of classification or shelving scheme Dewey Decimal Classification
Call number suffix शरत्
Classification part
Holdings
Withdrawn status Lost status Not for loan Collection code Home library Current library Date acquired Source of acquisition Cost, normal purchase price Full call number Barcode Copy number Cost, replacement price Koha item type
    Not For Loan Fiction D.B.Act.Division D.B.Act.Division 11/08/2010 DBAD / PUB 300.00 उ शरत् HN-62640 1 300.00 Hindi Books

© Delhi Public Library
Hit Counter
free hit counter